Geometry /

Bibliographic Details
Other Authors: Jurgensen, Ray C.
Format: Book
Language:English
Published: Boston : Houghton Mifflin, [1975]
Edition:Teacher's ed.
Series:Houghton Mifflin mathematics program.
Subjects:

MARC

Tag First Indicator Second Indicator Subfields
LEADER 00000cam a2200000 i 4500
001 in00000059222
005 20151008051542.0
008 760414s1975 maua 00100 eng d
020 |a 0395198348 
035 |a (OCoLC)02111122 
035 |9 AAG8621AM 
040 |a XBM  |c XBM  |d TXA  |d UtOrBLW 
049 |a [Curr Col] TXAM  |c [931006] 
090 |a QA445  |b .G43 1975a 
245 0 0 |a Geometry /  |c Ray C. Jurgensen [and others] ; editorial adviser, Albert E. Meder, Jr. 
250 |a Teacher's ed. 
264 1 |a Boston :  |b Houghton Mifflin,  |c [1975] 
264 4 |c ©1975 
300 |a T41, xii, 523 pages :  |b illustrations (some color) ;  |c 25 cm. 
336 |a text  |b txt  |2 rdacontent 
337 |a unmediated  |b n  |2 rdamedia 
338 |a volume  |b nc  |2 rdacarrier 
490 1 |a Houghton Mifflin mathematics program 
500 |a Gr. 10-12. 
500 |a Includes index. 
650 0 |a Geometry. 
700 1 |a Jurgensen, Ray C. 
830 0 |a Houghton Mifflin mathematics program. 
999 |a MARS 
999 f f |s eb0faefc-73f0-3f18-bc3e-45dc458f13bf  |i f815b20d-7438-3dac-923b-adaed0781583  |t 0 
952 f f |p normal  |a Texas A&M University  |b College Station  |c Sterling C. Evans Library  |d Evans: Library Stacks  |t 0  |e QA445 .G43 1975a  |h Library of Congress classification  |i unmediated -- volume  |m A14806479660 
998 f f |a QA445 .G43 1975a  |t 0  |l Evans: Library Stacks